LEADER 00986nam0 2200253 i 450 001 VAN00026692 005 20240806100333.93 100 $a20041027e19791909 |0itac50 ba 101 $aita 102 $aIT 105 $a|||| ||||| 200 1 $aˆL'‰eversione della feudalità nel napoletano$edottrine che vi prelusero$estoria, legislazione e giurisprudenza$fAlfonso Perrella 205 $aRist. anast 210 $aBologna$cForni$d1909 215 $a1011 p.$d23 cm. 620 $dBologna$3VANL000003 700 1$aPerrella$bAlfonso$3VANV011083$0448106 712 $aForni $3VANV108290$4650 801 $aIT$bSOL$c20250124$gRICA 899 $aBIBLIOTECA DEL DIPARTIMENTO DI GIURISPRUDENZA$1IT-CE0105$2VAN00 912 $aVAN00026692 950 $aBIBLIOTECA DEL DIPARTIMENTO DI GIURISPRUDENZA$d00CONS XXIV.Eb.189 $e00 7365 20041027 996 $aEversione della feudalità nel napoletano$91432225 997 $aUNICAMPANIA